000 00734cam a22002414a 4500
001 207219
005 20180313053826.0
008 990402s2000 maua b 001 0 eng
010 _a 99072014
020 _a0395962315 (pbk.)
040 _aDLC
_cDLC
_dDLC
041 _aeng
042 _apcc
080 _a658 ric
082 0 0 _a658 ric
_221
100 1 _a54
101 _aman
245 1 0 _aFundamentals of management :
_c[Griffin].
504 _aIncludes bibliographical references and indexes.
906 _a7
_bcbc
_corignew
_d2
_eopcn
_f19
_gy-gencatlg
942 _2ddc
_cBK
999 _c44864
_d44864